ਰਾਜ ਕਰੇਗਾ ਖਾਲਸਾ / (Record no. 110160)

MARC details
000 -LEADER
fixed length control field 00933nam a22002537a 4500
005 - DATE AND TIME OF LATEST TRANSACTION
control field 20170123164148.0
010 ## - LIBRARY OF CONGRESS CONTROL NUMBER
LC control number B-210283
020 ## - INTERNATIONAL STANDARD BOOK NUMBER
Terms of availability 350.00
International Standard Book Number 8182990777
035 ## - SYSTEM CONTROL NUMBER
System control number B-210283
037 ## - SOURCE OF ACQUISITION
Source of stock number/acquisition Cen Lib / Ret
040 ## - CATALOGING SOURCE
Original cataloging agency DPL
Language of cataloging PN
082 ## - DEWEY DECIMAL CLASSIFICATION NUMBER
Classification number
Item number ਹਰਨਾ
100 ## - MAIN ENTRY--PERSONAL NAME
Personal name ਹਰਨਾਮ ਦਾਸ ਸਹਿਰਾਈ
9 (RLIN) 44630
245 ## - TITLE STATEMENT
Title ਰਾਜ ਕਰੇਗਾ ਖਾਲਸਾ /
Statement of responsibility, etc ਹਰਨਾਮ ਦਾਸ ਸਹਿਰਾਈ
246 ## - VARYING FORM OF TITLE
Title proper/short title Raj Karegha Khalsa /
Remainder of title by Harnam Dass Sahrai
260 ## - PUBLICATION, DISTRIBUTION, ETC. (IMPRINT)
Place of publication, distribution, etc ਦਿੱਲੀ
Name of publisher, distributor, etc ਆਰਸੀ ਪਬਲਿਸ਼ਰਜ਼
Date of publication, distribution, etc 2006
270 ## - ADDRESS
City ਦਿੱਲੀ
Address ਚਾਂਦਨੀ ਚੋਕ
Postal code 110006
300 ## - PHYSICAL DESCRIPTION
Extent 384p.
Dimensions 22cm(Hb)
650 ## - SUBJECT ADDED ENTRY--TOPICAL TERM
Topical term or geographic name as entry element ਸਾਹਿਤ -- ਪੰਜਾਬੀ
9 (RLIN) 128876
650 ## - SUBJECT ADDED ENTRY--TOPICAL TERM
Topical term or geographic name as entry element ਪੰਜਾਬੀ ਨਾਵਲ
9 (RLIN) 128877
650 ## - SUBJECT ADDED ENTRY--TOPICAL TERM
Topical term or geographic name as entry element Literature -- Punjabi
9 (RLIN) 128878
650 ## - SUBJECT ADDED ENTRY--TOPICAL TERM
Topical term or geographic name as entry element Punjabi Novel
9 (RLIN) 6285
942 ## - ADDED ENTRY ELEMENTS (KOHA)
Source of classification or shelving scheme Dewey Decimal Classification
Koha item type Punjabi Bks
Classification part
Call number suffix ਹਰਨਾ
Holdings
Withdrawn status Lost status Damaged status Not for loan Home library Current library Date acquired Source of acquisition Cost, normal purchase price Total Checkouts Full call number Barcode Date last seen Copy number Cost, replacement price Price effective from Koha item type
        Central Library Central Library 14/01/2016 Cen Lib/Ret 350.00   ੳ ਹਰਨਾ B-210283 14/01/2016 1 350.00 14/01/2016 Punjabi Bks

© Delhi Public Library
Hit Counter
free hit counter